<?xml version="1.0" encoding="UTF-8"?>
<collection xmlns="http://www.loc.gov/MARC21/slim">
<record>
  <controlfield tag="000">01240cam\a2200313\a\4500</controlfield>
  <controlfield tag="001">92365</controlfield>
  <controlfield tag="005">20251009075808.0</controlfield>
  <controlfield tag="008">961125s1996\\\\nyua\\\\\b\\\\001\0\eng\d</controlfield>
  <datafield tag="010" ind1=" " ind2=" ">
    <subfield code="a">   95061824 </subfield>
  </datafield>
  <datafield tag="020" ind1=" " ind2=" ">
    <subfield code="a">0500016933</subfield>
  </datafield>
  <datafield tag="035" ind1=" " ind2=" ">
    <subfield code="a">(CStRLIN)DCFG96-B2478</subfield>
  </datafield>
  <datafield tag="035" ind1=" " ind2=" ">
    <subfield code="a">92365</subfield>
  </datafield>
  <datafield tag="040" ind1=" " ind2=" ">
    <subfield code="a">NhCSp</subfield>
    <subfield code="c">NhCSp</subfield>
    <subfield code="d">MnManS</subfield>
    <subfield code="d">DLC</subfield>
    <subfield code="d">UtOrBLW</subfield>
  </datafield>
  <datafield tag="042" ind1=" " ind2=" ">
    <subfield code="a">lccopycat</subfield>
  </datafield>
  <datafield tag="050" ind1="0" ind2="0">
    <subfield code="a">TP640</subfield>
    <subfield code="b">.C67 1996</subfield>
  </datafield>
  <datafield tag="082" ind1="0" ind2="0">
    <subfield code="a">641.3/374</subfield>
    <subfield code="2">20</subfield>
  </datafield>
  <datafield tag="090" ind1=" " ind2=" ">
    <subfield code="a">TP640</subfield>
    <subfield code="b">.C67 1996</subfield>
    <subfield code="f">240775</subfield>
    <subfield code="i">11/25/96 C</subfield>
  </datafield>
  <datafield tag="100" ind1="1" ind2=" ">
    <subfield code="a">Coe, Sophie D.</subfield>
    <subfield code="q">(Sophie Dobzhansky),</subfield>
    <subfield code="d">1933-1994,</subfield>
    <subfield code="0">n  93051015,</subfield>
    <subfield code="e">author.</subfield>
  </datafield>
  <datafield tag="245" ind1="1" ind2="4">
    <subfield code="a">The true history of chocolate /</subfield>
    <subfield code="c">Sophie D. Coe and Michael D. Coe.</subfield>
  </datafield>
  <datafield tag="260" ind1=" " ind2=" ">
    <subfield code="a">New York :</subfield>
    <subfield code="b">Thames and Hudson,</subfield>
    <subfield code="c">1996.</subfield>
  </datafield>
  <datafield tag="300" ind1=" " ind2=" ">
    <subfield code="a">280 p. :</subfield>
    <subfield code="b">ill. (some col.) ;</subfield>
    <subfield code="c">24 cm</subfield>
  </datafield>
  <datafield tag="336" ind1=" " ind2=" ">
    <subfield code="a">text</subfield>
    <subfield code="b">txt</subfield>
    <subfield code="2">rdacontent</subfield>
  </datafield>
  <datafield tag="337" ind1=" " ind2=" ">
    <subfield code="a">unmediated</subfield>
    <subfield code="b">n</subfield>
    <subfield code="2">rdamedia</subfield>
  </datafield>
  <datafield tag="340" ind1=" " ind2=" ">
    <subfield code="p">illustration</subfield>
    <subfield code="2">rdaill</subfield>
  </datafield>
  <datafield tag="504" ind1=" " ind2=" ">
    <subfield code="a">Includes bibliographical references (p. 272-276) and index.</subfield>
  </datafield>
  <datafield tag="650" ind1=" " ind2="0">
    <subfield code="a">Chocolate</subfield>
    <subfield code="x">History.</subfield>
    <subfield code="0">sh2009119376</subfield>
  </datafield>
  <datafield tag="700" ind1="1" ind2=" ">
    <subfield code="a">Coe, Michael D.</subfield>
    <subfield code="0">n  79072841 </subfield>
  </datafield>
  <datafield tag="752" ind1=" " ind2=" ">
    <subfield code="a">United States</subfield>
    <subfield code="b">New York (State)</subfield>
    <subfield code="d">New York.</subfield>
    <subfield code="2">naf</subfield>
  </datafield>
  <datafield tag="852" ind1="0" ind2=" ">
    <subfield code="a">US-DFo</subfield>
    <subfield code="b">DeckB-Mod</subfield>
    <subfield code="h">TP640</subfield>
    <subfield code="i">.C67 1996</subfield>
    <subfield code="7">94637</subfield>
  </datafield>
  <datafield tag="909" ind1="C" ind2="O">
    <subfield code="o">oai:catalog.folger.edu:92365</subfield>
    <subfield code="p">GLOBAL_SET</subfield>
  </datafield>
  <datafield tag="950" ind1=" " ind2=" ">
    <subfield code="l">MOD</subfield>
    <subfield code="i">11/25/96 C</subfield>
  </datafield>
  <datafield tag="980" ind1=" " ind2=" ">
    <subfield code="a">BIB</subfield>
  </datafield>
  <datafield tag="983" ind1=" " ind2=" ">
    <subfield code="a">Open stacks</subfield>
  </datafield>
  <datafield tag="998" ind1=" " ind2=" ">
    <subfield code="a">11/25/96</subfield>
    <subfield code="t">c</subfield>
    <subfield code="s">9110</subfield>
    <subfield code="l">DCFG</subfield>
    <subfield code="n">DFo</subfield>
    <subfield code="w">DCLC9561824B</subfield>
    <subfield code="d">11/25/96</subfield>
    <subfield code="c">MT</subfield>
    <subfield code="b">MT</subfield>
  </datafield>
</record>

</collection>